Statistics for 输入所有的西汉郡国名称

Click here to take the quiz!

General Stats

  • This quiz has been taken 65 times
  • The average score is 45 of 103

Answers on the Map

Answers color-coded by a green-red scale on the quiz's map according to % correct below.
 

Answer Stats

Answer% Correct
交趾
80%
张掖
78%
酒泉
76%
武威
73%
辽东
73%
长沙
73%
南海
71%
会稽
69%
河东
69%
敦煌
64%
零陵
64%
南阳
64%
汉中
64%
武陵
62%
豫章
62%
玄菟
62%
河内
60%
辽西
60%
上党
60%
河南
60%
东海
58%
乐浪
58%
日南
56%
济南
56%
太原
56%
56%
益州
56%
右北平
56%
渔阳
56%
京兆尹
53%
右扶风
53%
广陵
53%
天水
53%
九真
53%
53%
北海
51%
蜀郡
51%
江夏
51%
苍梧
51%
五原
49%
九江
49%
朔方
49%
雁门
49%
弘农
49%
代郡
47%
上谷
44%
陈留
44%
常山
44%
巴郡
44%
武都
44%
陇西
44%
南郡
44%
庐江
44%
北地
44%
云中
44%
丹阳
42%
中山
42%
桂阳
42%
平原
42%
犍为
40%
汝南
40%
颍川
40%
上郡
40%
清河
40%
涿郡
40%
胶东
40%
38%
泰山
38%
金城
38%
左冯翊
38%
河间
36%
36%
西河
36%
琅琊
36%
山阳
36%
沛郡
33%
广汉
33%
东郡
33%
郁林
33%
魏郡
33%
东莱
31%
安定
31%
牂牁/牂柯
31%
齐郡
29%
合浦
27%
淮阳
27%
勃海
27%
广阳
24%
东平
22%
城阳
20%
定陶
20%
千乘
18%
真定
13%
泗水
13%
高密
11%
定襄
11%
信都
9%
甾川
9%
越巂
9%
临淮
7%
钜鹿/巨鹿
7%
广平
7%
六安
7%

Score Distribution

Percentile by Number Answered

Percent of People with Each Score

Your Score History

You have not taken this quiz